[Event "BCF-chT3 1314 (4NCL)"]
[Site "England"]
[Date "2014.05.05"]
[Round "11.96"]
[White "Dunn, Andrew"]
[Black "Thorarinsson, Pall A"]
[Result "1-0"]
[WhiteElo "2227"]
[BlackElo "2233"]
[PlyCount "85"]
[EventDate "2013.11.16"]
[EventType "team-swiss"]
[EventRounds "11"]
[EventCountry "ENG"]
[SourceTitle "EXT 2015"]
[Source "ChessBase"]
[SourceDate "2014.11.20"]
[SourceVersion "1"]
[SourceVersionDate "2014.11.20"]
[SourceQuality "1"]
[WhiteTeam "North East England"]
[BlackTeam "Fermented Sharks"]
[WhiteTeamCountry "ENG"]
[BlackTeamCountry "ENG"]

1. d4 d5 2. Nf3 Nf6 3. Bf4 g6 4. c3 Bg7 5. h3 c6 6. Nbd2 Qb6 7. Qb3 Nbd7 8. e3 0-0 9. Be2 c5 10. 0-0 Nb8 11. Ne5 Nc6 12. Bf3 Nxe5 13. Bxe5 Qxb3 14. axb3 cxd4 15. Bxd4 a6 16. b4 Be6 17. Nb3 Nd7 18. Nc5 Nxc5 19. Bxc5 Bf6 20. Rfd1 Rfd8 21. Rd2 Kf8 22. Rad1 Ke8 23. Bxd5 Bxd5 24. Rxd5 Rxd5 25. Rxd5 a5 26. bxa5 e6 27. Rd3 Rxa5 28. Ba3 e5 29. e4 Ra4 30. f3 Be7 31. Bxe7 Kxe7 32. Rd5 Ke6 33. Rb5 Ra7 34. Rb6+ Ke7 35. Kf2 Kd7 36. Ke3 h5 37. h4 Ke7 38. g4 hxg4 39. fxg4 f6 40. Kd3 Kf7 41. b4 Kg7 42. Rb5 Kh6 43. Ra5 1-0

[Event "BCF-chT3 1112 (4NCL)"]
[Site "England"]
[Date "2012.05.06"]
[Round "10.66"]
[White "Josse, Mark"]
[Black "Dunn, Andrew"]
[Result "1/2-1/2"]
[WhiteElo "2131"]
[BlackElo "2205"]
[PlyCount "101"]
[EventDate "2011.11.12"]
[EventType "team-swiss"]
[EventRounds "11"]
[EventCountry "ENG"]
[SourceTitle "EXT 2013"]
[Source "ChessBase"]
[SourceDate "2012.11.22"]
[SourceVersion "1"]
[SourceVersionDate "2012.11.22"]
[SourceQuality "1"]
[WhiteTeam "e2e4.org.uk II"]
[BlackTeam "North East England"]
[WhiteTeamCountry "ENG"]
[BlackTeamCountry "ENG"]

1. e4 c6 2. d4 d5 3. e5 Bf5 4. Nf3 e6 5. Be2 c5 6. 0-0 Nc6 7. Be3 Qb6 8. Nc3 c4 9. Nh4 Nge7 10. g4 Bg6 11. b3 Qa5 12. Qd2 Nc8 13. a3 cxb3 14. cxb3 Qd8 15. Ng2 Be7 16. f4 f5 17. exf6 Bxf6 18. h4 Nd6 19. h5 Bf7 20. g5 Be7 21. Bg4 Nf5 22. Bxf5 exf5 23. Nh4 g6 24. b4 a6 25. Kg2 Qd7 26. hxg6 hxg6 27. Nf3 Kf8 28. Na4 Rd8 29. Nb2 Kg7 30. Rh1 Bd6 31. Nd3 Qe7 32. Rxh8 Rxh8 33. Nde5 Bxe5 34. dxe5 Be6 35. Rh1 Rxh1 36. Kxh1 Qe8 37. Qh2 Qh8 38. Qxh8+ Kxh8 39. Kg1 Kg7 40. Kf2 Kf7 41. Bc5 Bd7 42. Bb6 Ke6 43. Ke3 Be8 44. Kd3 Bd7 45. Kc3 Be8 46. Kb3 Bf7 47. Bd4 Kd7 48. Bb6 d4+ 49. Kc2 Ne7 50. Bxd4 Nd5 51. Kd3 1/2-1/2

[Event "Reykjavik op"]
[Site "Reykjavik"]
[Date "2012.03.11"]
[Round "6"]
[White "Dunn, Andrew"]
[Black "Gunnarsson, Jon Viktor"]
[Result "1-0"]
[WhiteElo "2205"]
[BlackElo "2424"]
[PlyCount "81"]
[EventDate "2012.03.06"]
[EventType "swiss"]
[EventRounds "9"]
[EventCountry "ISL"]
[SourceTitle "CBM 147 Extra"]
[Source "ChessBase"]
[SourceDate "2012.04.24"]
[SourceVersion "1"]
[SourceVersionDate "2012.04.24"]
[SourceQuality "1"]

1. d4 Nf6 2. Nf3 d6 3. c4 Nbd7 4. Nc3 e5 5. g3 c6 6. Bg2 Be7 7. e4 0-0 8. 0-0 a6 9. a4 a5 10. h3 Re8 11. Be3 exd4 12. Nxd4 Nc5 13. Qc2 Bf8 14. Rad1 Qb6 15. Rfe1 g6 16. Kh2 Bd7 17. f4 Bg7 18. Nf3 Qb4 19. Nd2 Re7 20. Bf2 Rae8 21. Re2 Nh5 22. e5 Bf5 23. Nde4 Nxe4 24. Bxe4 Be6 25. exd6 Rd7 26. Bf3 Nf6 27. Rxe6 fxe6 28. Na2 Qxb2 29. Qxb2 Ng4+ 30. Bxg4 Bxb2 31. c5 h5 32. Bf3 e5 33. Re1 Kf7 34. Re2 Bd4 35. Bxd4 exd4 36. Rxe8 Kxe8 37. Be4 Kd8 38. Nc1 b6 39. Nb3 d3 40. Bxc6 bxc5 41. Bxd7 1-0